Italian Open Champions - Statistics

General Stats
  • This quiz has been taken 35 times
  • The average score is 34 of 55
Answer Stats
Year Winner % Correct
2005 Rafael Nadal
100%
2006 Rafael Nadal
100%
2007 Rafael Nadal
100%
2009 Rafael Nadal
100%
2010 Rafael Nadal
100%
2012 Rafael Nadal
100%
2013 Rafael Nadal
100%
2018 Rafael Nadal
100%
2019 Rafael Nadal
100%
2021 Rafael Nadal
100%
2008 Novak Djokovic
93%
2011 Novak Djokovic
93%
2014 Novak Djokovic
93%
2015 Novak Djokovic
93%
2020 Novak Djokovic
93%
2022 Novak Djokovic
93%
1994 Pete Sampras
93%
2002 Andre Agassi
89%
2016 Andy Murray
86%
1974 Björn Borg
86%
1978 Björn Borg
86%
2001 Juan Carlos Ferrero
75%
2023 Daniil Medvedev
71%
1986 Ivan Lendl
71%
1988 Ivan Lendl
71%
2017 Alexander Zverev
64%
1987 Mats Wilander
61%
1980 Guillermo Vilas
54%
1990 Thomas Muster
54%
1995 Thomas Muster
54%
1996 Thomas Muster
54%
1999 Gustavo Kuerten
50%
1970 Ilie Năstase
50%
1973 Ilie Năstase
50%
1992 Jim Courier
50%
1993 Jim Courier
50%
1971 Rod Laver
50%
2004 Carlos Moyá
43%
1976 Adriano Panatta
39%
1969 John Newcombe
36%
1997 Àlex Corretja
32%
1977 Vitas Gerulaitis
32%
1979 Vitas Gerulaitis
32%
1985 Yannick Noah
32%
1982 Andrés Gómez
25%
1984 Andrés Gómez
25%
2000 Magnus Norman
25%
1972 Manuel Orantes
25%
1991 Emilio Sánchez
21%
2003 Félix Mantilla
18%
1981 José Luis Clerc
18%
1998 Marcelo Ríos
18%
1989 Alberto Mancini
14%
1975 Raúl Ramírez
11%
1983 Jimmy Arias
7%
No matching quizzes found
Score Distribution
Percent of People with Each Score
Percentile by Number Answered
Your Score History
You have not taken this quiz